00998nam a22002417a 450000500170000001000150001702000260003203500130005803700130007108200140008424501850009826000360028327000560031930000200037550000410039552001270043665000380056365000460060165000420064770000230068970000220071270000220073420150619164211.0 aENG-112938 c560.00a9788192174372 aEN-96470 bDBAD/PUB a342.54085 aHuman rights & social exclusion in globalized India :cedited by Nisha C. Waghmare,Sandeep Jagdale [and] Jitendra Gandhi bissues, challenges & opportunities for social inclusion / aJaipurbManas Publishers c2012 a91, Bhagwati Nagar 2nd, Kartarpura,bJaipure302006 a152p.c23cm(Hb) aIncludes bibliographical references. aPapers presented at the National Conference on Human Rights and Social Exclusion, held at Solapur during 29-30 March 2012. aHuman rightszIndia vCongresses. a Marginality, SocialzIndia vCongresses. aSocial isolation zIndiavCongresses. aWaghmare, Nisha C. aJagdale, Sandeep. aGandhi, Jitendra.